| 000 | 00857cam a2200313 4500 | ||
|---|---|---|---|
| 008 | 090401t1997 xxu||||| |||| 00| 0 eng d | ||
| 020 | _a0727725815 | ||
| 035 | _a(Sirsi) u78157 | ||
| 041 | _aeng | ||
| 050 | _a690.0285 | ||
| 100 | _aFisher, Norman | ||
| 245 | _aProject modelling in construction: seeing is believing. | ||
| 260 |
_aLondon _bThomas Telford _c1997 |
||
| 300 | _a80p. : ill. ; 30cm. | ||
| 350 | _a45 | ||
| 520 | _aSponsored by Taylor Woodrow Management Ltd. | ||
| 650 | _a3D MODELLING | ||
| 650 | _aCOMPUTER MODELLING | ||
| 650 | _aCONSTRUCTION INDUSTRY | ||
| 650 | _aOBJECT ORIENTED MODELLING | ||
| 650 | _aPROJECT MODELLING | ||
| 690 | _aBUILT ENVIRONMENT | ||
| 700 | _aBarlow, Richard | ||
| 700 | _aGarnett, Naomi | ||
| 700 | _aFinch, Edward | ||
| 700 | _aNewcombe, Robert | ||
| 942 | _n0 | ||
| 948 | _c02/05/1997 | ||
| 999 |
_c96398 _d96398 |
||